000 00984cam a22002898a 4500
005 20260322212056.0
008 data
010 _a 97051163
020 _a0486401588 (pbk.)
020 _a9780486401584 (pbk.)
040 _aDLC
_cDLC
_dDLC
050 0 0 _aPS586
_b.A14 1998
082 0 0 _a811.008
_221
092 _a811.001 A14 1998
245 1 0 _a101 great American poems :
_ban anthology /
_cAmerican Poetry & Literacy Project (Mineola, N.Y.).
246 3 _aOne hundred one great American poems
246 3 _aOne hundred and one great American poems
260 _aMineola, NY :
_bDover Pub.,
_cc1998.
263 _a1111
300 _axv, 80 p. ;
_b21 cm.
440 0 _aDover thrift editions
504 _aIncludes bibliographical references (p. ) and index.
650 0 _aAmerican poetry.
720 2 _aAmerican Poetry & Literacy Project (Mineola, N.Y.)
856 4 2 _3Publisher description
_uhttp://www.loc.gov/catdir/description/dover032/97051163.html
001 data
999 _c1342
_d1342